<?xml version="1.0" encoding="UTF-8"?>
<record
    xmlns:xsi="http://www.w3.org/2001/XMLSchema-instance"
    xsi:schemaLocation="http://www.loc.gov/MARC21/slim http://www.loc.gov/standards/marcxml/schema/MARC21slim.xsd"
    xmlns="http://www.loc.gov/MARC21/slim">

  <leader>00981nam a2200313 a 4500</leader>
  <datafield tag="999" ind1=" " ind2=" ">
    <subfield code="c">7864</subfield>
    <subfield code="d">7864</subfield>
  </datafield>
  <controlfield tag="001">991044649019706706</controlfield>
  <controlfield tag="003">OSt</controlfield>
  <controlfield tag="005">20240215191543.0</controlfield>
  <controlfield tag="008">980612s1997    spco   ||    o000 ||cat  </controlfield>
  <datafield tag="015" ind1=" " ind2=" ">
    <subfield code="a">LL1998</subfield>
    <subfield code="2">bnc</subfield>
  </datafield>
  <datafield tag="017" ind1=" " ind2=" ">
    <subfield code="a">DL B. 49712-1997</subfield>
    <subfield code="b">Biblioteca de Catalunya</subfield>
  </datafield>
  <datafield tag="020" ind1=" " ind2=" ">
    <subfield code="a">8477824886</subfield>
  </datafield>
  <datafield tag="035" ind1=" " ind2=" ">
    <subfield code="a">(ES-BaCBU).b21748123</subfield>
  </datafield>
  <datafield tag="035" ind1=" " ind2=" ">
    <subfield code="a">(OCoLC)807550892</subfield>
  </datafield>
  <datafield tag="040" ind1=" " ind2=" ">
    <subfield code="a">ES-BaBC</subfield>
    <subfield code="b">cat</subfield>
    <subfield code="c">CDMR</subfield>
  </datafield>
  <datafield tag="041" ind1="0" ind2=" ">
    <subfield code="a">cat</subfield>
    <subfield code="a">spa</subfield>
  </datafield>
  <datafield tag="080" ind1=" " ind2=" ">
    <subfield code="a">77P&#xE9;rez de Rozas</subfield>
  </datafield>
  <datafield tag="245" ind1="0" ind2="0">
    <subfield code="a">P&#xE9;rez de Rozas</subfield>
  </datafield>
  <datafield tag="260" ind1=" " ind2=" ">
    <subfield code="a">[Barcelona] :</subfield>
    <subfield code="b">Lunwerg,</subfield>
    <subfield code="c">DL 1997</subfield>
  </datafield>
  <datafield tag="300" ind1=" " ind2=" ">
    <subfield code="a">117 p. :</subfield>
    <subfield code="b">principalment il. ;</subfield>
    <subfield code="c">22 x 29 cm</subfield>
  </datafield>
  <datafield tag="500" ind1=" " ind2=" ">
    <subfield code="a">A la portada: Fotoprix</subfield>
  </datafield>
  <datafield tag="546" ind1=" " ind2=" ">
    <subfield code="a">Texts biling&#xFC;e catal&#xE0; castell&#xE0;</subfield>
  </datafield>
  <datafield tag="600" ind1="3" ind2="7">
    <subfield code="a">P&#xE9;rez de Rozas (Fam&#xED;lia)</subfield>
  </datafield>
  <datafield tag="650" ind1=" " ind2="0">
    <subfield code="a">Fotoperiodisme</subfield>
    <subfield code="z">Catalunya</subfield>
    <subfield code="9">1270</subfield>
    <subfield code="x">Hist&#xF2;ria</subfield>
    <subfield code="v">Llibres de l&#xE0;mines</subfield>
  </datafield>
  <datafield tag="907" ind1=" " ind2=" ">
    <subfield code="a">.b21748123</subfield>
    <subfield code="b">22-06-21</subfield>
    <subfield code="c">07-05-08</subfield>
    <subfield code="d">07-05-08</subfield>
    <subfield code="e">m</subfield>
    <subfield code="f">a</subfield>
    <subfield code="g">-</subfield>
    <subfield code="h">cat</subfield>
    <subfield code="i">spc</subfield>
    <subfield code="j">0</subfield>
    <subfield code="k">5</subfield>
  </datafield>
  <datafield tag="908" ind1=" " ind2=" ">
    <subfield code="a">AHCB</subfield>
    <subfield code="a">BC</subfield>
    <subfield code="a">UB</subfield>
    <subfield code="a">UPF</subfield>
    <subfield code="a">URL</subfield>
    <subfield code="a">GEPA</subfield>
  </datafield>
  <datafield tag="940" ind1=" " ind2=" ">
    <subfield code="a">BC</subfield>
  </datafield>
  <datafield tag="942" ind1=" " ind2=" ">
    <subfield code="2">udc</subfield>
    <subfield code="c">MON</subfield>
  </datafield>
  <datafield tag="952" ind1=" " ind2=" ">
    <subfield code="0">0</subfield>
    <subfield code="1">0</subfield>
    <subfield code="4">0</subfield>
    <subfield code="7">1</subfield>
    <subfield code="a">CDMR</subfield>
    <subfield code="b">CDMR</subfield>
    <subfield code="d">2024-02-15</subfield>
    <subfield code="e">Donaci&#xF3;</subfield>
    <subfield code="l">0</subfield>
    <subfield code="o">Dk 2/29</subfield>
    <subfield code="p">CDMR24020010</subfield>
    <subfield code="r">2024-02-15</subfield>
    <subfield code="w">2024-02-15</subfield>
    <subfield code="y">MON</subfield>
  </datafield>
</record>
